000 00534nam a2200181 i 4500
001 129928
003 ES-MaACL
005 20250828004907.0
007 t|
008 070711q1921 sp ||||1| spa d
100 1 _aZulueta, Luis de,
_d1878-1964
_9118478
245 1 3 _aEl ideal en la educación
_b: ensayos pedagógicos /
_cLuis de Zulueta.
260 _a[Madrid] :
_bLa Lectura,
_c[1921]
300 _a243 p. ;
_c20 cm.
650 1 7 _aPedagogía
_2embne
_915904
852 _aES-MaACL
_jB-3065
999 _c129928
_d129928